Les signes astrologiques en 15 secondes - Statistiques

Statistiques générales
  • Ce quiz a été pris 278 fois
  • Le résultat moyen est 5 sur 12
Statistiques - réponses
Hint Réponse % Correct
1. Bélier
62%
4. Cancer
52%
2. Taureau
52%
5. Lion
51%
12. Poisson
51%
10. Capricorne
45%
3. Gémeaux
41%
11. Verseau
39%
6. Vierge
38%
7. Balance
36%
8. Scorpion
33%
9. Sagittaire
32%
Aucun quiz correspondant
Distribution des résultats
% des personnes avec chaque résultat
Percentile par nombre de réponses
Votre historique - résultats
Vous n’avez pas pris ce quiz